| 000 | 01410nam a2200337Ia 4500 | ||
|---|---|---|---|
| 001 | ebr10484218 | ||
| 003 | CaPaEBR | ||
| 006 | m u | ||
| 007 | cr cn||||||||| | ||
| 008 | 110202t20112011cau sb 001 0 eng d | ||
| 010 | _z 2011005045 | ||
| 020 | _z9780804771375 | ||
| 040 |
_aCaPaEBR _cCaPaEBR |
||
| 035 | _a(OCoLC)744333869 | ||
| 050 | 1 | 4 |
_aHD49 _b.A47 2011eb |
| 082 | 0 | 4 |
_a658.4/77 _222 |
| 100 | 1 |
_aAlpaslan, Can M. _q(Can Murat) |
|
| 245 | 1 | 0 |
_aSwans, swine, and swindlers _h[electronic resource] : _bcoping with the growing threat of mega-crises and mega-messes / _cCan M. Alpaslan and Ian I. Mitroff. |
| 260 |
_aStanford, California : _bStanford Business Books, An Imprint of Stanford University Press, _c2011. |
||
| 300 | _axxiii, 204 p. | ||
| 490 | 1 | _aHigh reliability and crisis management | |
| 504 | _aIncludes bibliographical references and index. | ||
| 533 |
_aElectronic reproduction. _bPalo Alto, Calif. : _cebrary, _d2013. _nAvailable via World Wide Web. _nAccess may be limited to ebrary affiliated libraries. |
||
| 650 | 0 | _aCrisis management. | |
| 650 | 0 | _aConflict management. | |
| 655 | 7 |
_aElectronic books. _2local |
|
| 700 | 1 | _aMitroff, Ian I. | |
| 710 | 2 | _aebrary, Inc. | |
| 830 | 0 | _aHigh reliability and crisis management. | |
| 856 | 4 | 0 |
_uhttp://site.ebrary.com/lib/rucke/Doc?id=10484218 _zAn electronic book accessible through the World Wide Web; click to view |
| 999 |
_c223762 _d223762 |
||